'T' Books by Cover Quiz Stats

Quiz Updated Jul 21, 2015

Also try: 'S' Books by Cover
Challenge
Share
Tweet
Score 0/15 Timer 06:00
1 Play Today
Book % Correct
To Kill a Mockingbird
90.7%
Twilight
86.9%
Treasure Island
79%
The Three Musketeers
77.3%
A Tale of Two Cities
73%
The Time Machine
71.4%
Through the Looking-Glass
62.7%
Tuesdays with Morrie
45.9%
Book % Correct
Things Fall Apart
37.8%
The Time Traveler's Wife
36.1%
To the Lighthouse
35.4%
Their Eyes Were Watching God
28.7%
Tropic of Cancer
26.7%
Tuck Everlasting
20.3%
A Tree Grows in Brooklyn
18.2%

You're not logged in!

Compare scores with friends on all Sporcle quizzes.
Join for Free
OR
Log In

You Might Also Like...

Show Comments

Extras

Top Quizzes Today


Score Distribution

Your Account Isn't Verified!

In order to create a playlist on Sporcle, you need to verify the email address you used during registration. Go to your Sporcle Settings to finish the process.

Report this User

Report this user for behavior that violates our Community Guidelines.

Details: